| 000 | 02473nam0a2200349 4500 | ||
|---|---|---|---|
| 001 | RU\NLR\BIBL_A\010813605 | ||
| 005 | 20260407080737.0 | ||
| 010 |
_a978-5-4221-0643-1 _9100 |
||
| 021 |
_aRU _b2015-48109 _92860 |
||
| 021 |
_aRU _b2015-48109 _93353 |
||
| 035 | _a(NLR Aleph) 010813605 | ||
| 090 |
_a10213728 _c10213728 |
||
| 100 | _a20150805d2014 |||y0rusy50 ca | ||
| 101 | 0 | _arus | |
| 102 | _aRU | ||
| 105 | _aa|||j|||000yy | ||
| 200 | 1 |
_aОсновы теории систем и системного анализа _eучебное пособие для студентов очной и заочной форм обучения, обучающихся по направлениям подготовки бакалавров и магистров 220100 "Системный анализ и управление", 220400 "Управление в технических системах", 221000 "Мехатроника и робототехника", 221400 "Управление качеством" _fМ-во образования и науки Рос. Федерации, Федер. гос. бюджет. образоват. учреждение высш. проф. образования "Уфим. гос. авиац. техн. ун-т" _g[Б.Г. Ильясов и др.] _gпод ред. проф. Ильясова Б.Г. |
|
| 210 |
_aУфа _cФГБОУ ВПО "Уфимский государственный авиационный технический университет" _d2014 |
||
| 215 |
_a216 с. _cил. _d20 |
||
| 320 | _aБиблиогр.: с. 214-216 (38 назв.) | ||
| 606 | 1 |
_aСистемный анализ _jУчебные издания для высших учебных заведений _9963741 _3RU\NLR\AUTH\6641425 |
|
| 606 | 1 |
_aСложные системы _jУчебные издания для высших учебных заведений _xАнализ _92086212 _3RU\NLR\AUTH\661262342 |
|
| 686 | 1 | _aЮ251.28я73-1 | |
| 686 | 1 | _aЗ817я73-1 | |
| 702 | 1 |
_4220 _7ca _8rus _aИльясов _bБ. Г. _f1939-2025 _gБарый Галеевич _92653457 _3RU\NLR\AUTH\770281490 |
|
| 712 | 0 | 2 |
_4570 _aУфимский государственный авиационный технический университет _9284386 _3RU\NLR\AUTH\886295 |
| 801 | 0 |
_aRU _bРГБ _c20150702 _gRCR |
|
| 942 | _cBOOK | ||
| 980 | _aNBR | ||
| 980 | _aNB | ||